| 000 | 00542ntaaa2200205 4500 | ||
|---|---|---|---|
| 003 | 01 | ||
| 005 | 20251027201647.0 | ||
| 008 | 0714s1973 ag 01 | ||
| 040 |
_aAR-BaBN _bspa _cAR-BaBN _eaacr _dRIC |
||
| 082 | _a232.8000 L61 | ||
| 100 |
_aLiddon, H.P. _915310 |
||
| 245 | _aThe divinity of our lord and saviour Jesus Christ | ||
| 250 | _a1 ed. | ||
| 260 |
_aLondon : _bPickering and Inglis, _c1864 |
||
| 300 | _a216 p | ||
| 650 | _ateologĂa | ||
| 650 | _aJesucristo-divinidad | ||
| 650 |
_adivinidad de Jesucristo _915311 |
||
| 942 | _cBK | ||
| 999 |
_c11324 _d11324 |
||